Movies Quiz

Random Movies Quiz

David Spade Movies Quiz Stats

 Plays Quiz not verified by Sporcle

Also try: B-Movie or BS?
Challenge
Share
Tweet
Embed
Score 0/21 Timer 10:00
0 Plays Today
Movie % Correct
Tommy Boy
87.5%
Black Sheep
82.3%
Joe Dirt
71.2%
Dicky Roberts: Former Child Star
54.3%
The Benchwarmers
48.7%
Coneheads
47.9%
Lost and Found
25.6%
PCU
24.7%
The Emperor's New Groove
23.5%
Grandma's Boy
21.5%
I Now Pronounce you Chuck and Larry
17.3%
Movie % Correct
Police Academy 4
16.3%
Senseless
16.1%
8 Heads in a Duffel Bag
11.9%
Loser
8.7%
Racing Stripes
8%
The Rugrats Movie
7.2%
A very Brady sequel
5.8%
Reality Bites
5%
Beavis and Butthead do America
4.8%
Light Sleeper
4.6%

You're not logged in!

Compare scores with friends on all Sporcle quizzes.
Join for Free
OR
Log In

You Might Also Like...

Show Comments

Extras

Created Oct 12, 2009SourceReportNominate
Tags:david, David Spade, spade

Top Quizzes Today


Score Distribution

Your Account Isn't Verified!

In order to create a playlist on Sporcle, you need to verify the email address you used during registration. Go to your Sporcle Settings to finish the process.

Report this User

Report this user for behavior that violates our Community Guidelines.

Details: